Súradnice rozvoja personálnych a sociálnych kompetencií v literárnej výchove

Medziľudské vzťahy v diele a dielo v medziľudských vzťahoch. Symptómy autonómneho myslenia a cítenia v modelovom texte študenta.

Guardado en:
Detalles Bibliográficos
Autor principal: Dvořák, Karel
Formato: Capítulo de libro
Lenguaje:eslovaco
Materias:
Etiquetas: Agregar Etiqueta
Sin Etiquetas, Sea el primero en etiquetar este registro!

MARC

LEADER 00000naa a2200000 4500
001 0256773
005 20240502074059.5
041 0 |a slo 
044 |a SK 
245 1 0 |a Súradnice rozvoja personálnych a sociálnych kompetencií v literárnej výchove  |c Karel Dvořák 
520 |a Medziľudské vzťahy v diele a dielo v medziľudských vzťahoch. Symptómy autonómneho myslenia a cítenia v modelovom texte študenta. 
610 2 0 |a literatúra 
610 2 0 |a vzťahy medziľudské 
100 1 |a Dvořák, Karel